000 00373nam a2200145Ia 4500
008 230917s9999||||xx |||||||||||||| ||und||
040 _e121568
_aMAIN
041 _aEnglish
082 _a547.05 W657C
100 _aWilkinson, Geoffrey, ed.
245 0 _aComprehensive organometallic Chemistry. V1
260 _aOxford
_bPergamon
_c1982
300 _a754 p.
942 _cBK
999 _c230731
_d230731